000 00514 a2200157 4500
001 ART_40738
005 20260410161628.0
008 260409a
245 1 0 _aTratamientos alternativos discrecionales previstos en las normas internacionales de información financiera (NIIF)
100 1 _aWerbin, Eliana M.
700 1 _aQuadro, Martín E.
700 1 _aBertoldi, Norma
700 1 _aPriotto, Hugo C.
700 1 _aVeteri, Liliana J.
773 0 _tEnfoques
_g- Nº 10 (oct. 2016)
_wREV416
999 _c12201
_d12201